000 01260cab a2200289 4500
001 ABS49072
008 090401t1993 xxu||||| |||| 00| 0 eng d
035 _a(Sirsi) u69777
041 _aeng
245 _aWard v Kingston upon Hull CC
260 _c1993
350 _a0
490 _aRating Appeals
_v(1993) RA 71-81(6)
520 _aQBD 2 February 1993. W, though joint owner of a house in Hull, lived for all but 6-9 weeks of the year in Saudi Arabia, in accommodation provided by his employer, for the periods 1982-87 and 1989-1993. W contended that his main residence was in Dhahran, rather than Hull, and he should not be required to pay community charge except to cover periods of leave. K rejected this contention at the Humberside VCCT pointing to the differences in status of tenure between the two addresses. The court upheld this view, that the matrimonial home offered the more permanent tenure.
650 _aCOMMUNITY CHARGE
650 _aEXPATRIATES
650 _aLIABILITY
650 _aOVERSEAS
650 _aPERSONAL COMMUNITY CHARGE
650 _aSECOND HOME
650 _aSECURITY OF TENURE
650 _aSOLE RESIDENCE
690 _aRATING AND VALUATION
690 _aTAXATION
942 _n0
948 _c04/03/1997
999 _c43864
_d43864